MDQL
is popping MORE tags! Check the
thread
!
Quizzes
Events
Quiz Creation
Community
Videos
Private Events
Remove Ads
Sign In
Join for FREE
Feedback
Dark Mode
Quiz Categories
Sports
Geography
Music
Movies
Television
Just For Fun
Miscellaneous
History
Literature
Language
Science
Gaming
Entertainment
Religion
Holiday
For Kids
Quiz Lab
Recent
Popular Today
Quiz Kudos Today
Editor Picks
Curator Picks
Quizzes by...
Day
Popularity
Type
Ratings
Length
Year
Community
Subscriptions
Recent Discussions
Orange Saloon
Badges
Playlists
Quests
Create
Leaderboards
Showdown
Live 5
Trivia Bingo
Activity
Puzzle Library
Sporcle Events
Private Events
Virtual Trivia
Globe League
Become a Host
Pub Owners
SporcleCon
Opinionation
Our Games
Videos
Blog
Mobile Apps
Partnerships
Remove Ads and Go Orange
Feedback
Television
TV Characters
TV Show
Sitcom
Network
Friends
Reality Shows
Cast
South Park
Star Trek
The Simpsons
Doctor Who
Television
TV Characters
TV Show
Sitcom
Network
Friends
Reality Shows
Cast
South Park
Star Trek
The Simpsons
Doctor Who
Random Quiz
Search Sporcle
×
Quiz Lab
Quiz Lab
Television
Animation
Type in answers that appear in a list
Type in answers that appear in a list
Classic
Best Score? Go Orange.
See My Vest Garments Stats
Can you name the clothes Mr. Burns made out of these animals??
By
Skold
3m
12 Questions
125 Plays
125 Plays
125 Plays
Comments
Comments
Give Quiz Kudos
Give Quiz Kudos
-
- Ratings
hide this ad
More Info
Replay
Link that replays current quiz
Next Quiz
Link to next quiz in quiz playlist
You Got
0%
They Got
Avg Score
77%
Avg Friend Score
Upgrade to see
Score Distribution
Jump to the score distribution portion of the page
Score
0/12
Timer
03:00
0
Plays Today
Animal
Garment
% Correct
Cat
Hat
94.4%
Gorilla
Vest
93.6%
Grizzly bear
Underwear
87.2%
Gophers
Loafers
85.6%
Irish Setter
Sweater
84.8%
Red robin
Suit
75.2%
Rhinoceros
Slippers
71.2%
Turtle
Turtleneck
71.2%
Greyhound puppies
Tuxedo
70.4%
Vampire bat
Evening wear
68.8%
Two more greyhound puppies
Matching clogs
66.4%
Poodle
Beret
56.8%
Quiz Playlist
Details
Report
Send in Message
Add To Playlist
More Info:
Inspired by this quiz http://www.sporcle.com/games/redhed311/seemyvest, I wonder if you know what Mr. Burns had all these animals made into?
Classic:
Type in answers that appear in a list
Quiz Source
Last Updated: Feb 16, 2017
Quiz Scoreboard
CHALLENGE
Sign Up to Join the Scoreboard
Show All
Scores
Hide
Comments
May contain spoilers
Recently Published
Find the 'City' Movie
by crazypaving
Movies
60s
5x2 Blitz: Bands
by SL_Kpop136
Music
30s
Colored Red Africa Blitz
by spor1
Geography
30s
More to Explore
Quiz From the Vault
Featured Blog Post
14 Easter Pick-up Lines to Find Eggs With
hide this ad
You Might Also Like...
Tags
Animation Quiz
Lyrics Quiz
Song Quiz
The Simpsons Quiz
Greyhound
Mr Burns
Today's Top Quizzes in Television
Browse Television
hide this ad
Today's Top Quizzes in Animation
Browse Animation
Top Contributed Quizzes in Television
1
Survivor Journey Challenge
2
Brooklyn Nine Nine Logic Puzzle (How-To-Play)
3
Phoebe Buffay Quotes
4
One Tree Hill Logic Puzzle
5
Survivor Logic Puzzle: Heroes vs. Villains
6
Survivor Trivia
7
Game of Thrones: Tywin Lannister Start to Finish
8
All US Survivor Seasons in Order
9
Emmerdale Characters (from August 2012)
10
Survivor Trivia #6: Criteria Quiz!
Explore More
Trending Topics
Crossword
Harry Potter
Anime
Kpop
Marvel
Disney
NBA
WWE
Soccer
Song
The Office
Pokémon
NFL
Puzzle
Country
hide this ad
More By:
Skold
Quiz
Plays
Rating
Category
Featured
Created
Rodents in the Food Court Logic Puzzle
17,230
3.54
Just For Fun
Dec 5, 2012
Marge vs. the Monorail Character Montage
1,612
4.68
Television
Aug 5, 2012
22 Short Films About Springfield Character Montage
1,332
4.50
Television
Jul 29, 2012
Countries of Birth - Australia
1,032
4.71
Geography
Jan 21, 2013
Languages by Australian City
557
5.00
Language
Jan 21, 2013
Go to Creator's Profile
Score Distribution
Quiz Creator Spotlight
Skold
Follow
Send a Message
Quizzes Created
-
Created Quiz Play Count
-
More By This Creator
Popular Quizzes Today
1
Find the 'City' Movie
2
Colored Red Africa Blitz
3
5x2 Blitz: Bands
4
Find the US States - No Outlines Minefield
5
The Countries of the World
6
Find the US States
7
US States
8
9x9 Crossword: Cartoon Network
More Television Quizzes
Three Season TV Shows II
Published
Trending Quizzes
Colored Red Europe Blitz I
Colored Red Africa Blitz II
Colored Red Europe Blitz II
Colored Red Europe Blitz III
Colored Red Africa Blitz III
Recently Updated
Famous TV Couples
Peacemaker
Champions League XIs: Real Madrid
pecheneg
Largest US Cities 1790-2010
pecheneg
Rides in Walt Disney World
pecheneg
Most Oscar Losses (Acting)
pecheneg
Beyoncé Albums
pecheneg
Leaping Animals
pecheneg
Reality TV Shows (A-Z)
bhenderson79
Rickey Henderson's Hall of Fame Teammates
pecheneg
Champions League XIs: Arsenal
pecheneg
Trending Topics
NBA
Anime
Harry Potter
Marvel
Crossword
Disney
Kpop
Soccer
The Office
Puzzle
WWE
Song
Country
NFL
Pokémon
Your Account Isn't Verified!
In order to create a playlist on Sporcle, you need to verify the email address you used during registration. Go to your
Sporcle Settings
to finish the process.
Report this User
Report this user for behavior that violates our
Community Guidelines
.
Details:
Send Report
Go to the Sporcle.com Mobile Site →
Comments